The storm and the rainbow ; ways to understand an meet our personal tragedies.

Bibliographic Details
Main Author: Ditzen, Lowell Russell, 1913-1987
Format: Book
Language:English
Published: New York : Holt, [1959]
Edition:[1st ed.].
Subjects:

MARC

Tag First Indicator Second Indicator Subfields
LEADER 00000cam a2200000 4500
001 in00000056371
005 20151007081915.0
008 750326s1959 eng u
010 |a  59006962  
035 |a (OCoLC)01239236 
035 |9 AAF7088AM 
040 |c ORL  |d TXA  |d UtOrBLW 
049 |a TXAM  |c [308219] 
050 0 0 |a BV4909  |b .D5 
082 0 |a 242.4 
092 |a 242.4  |b D616s 
100 1 |a Ditzen, Lowell Russell,  |d 1913-1987. 
245 1 4 |a The storm and the rainbow ;  |b ways to understand an meet our personal tragedies. 
250 |a [1st ed.]. 
264 1 |a New York :  |b Holt,  |c [1959] 
300 |a 118 pages ;  |c 22 cm. 
336 |a text  |b txt  |2 rdacontent 
337 |a unmediated  |b n  |2 rdamedia 
338 |a volume  |b nc  |2 rdacarrier 
504 |a Includes bibiliography. 
650 0 |a Suffering. 
999 |a MARS 
999 f f |s 35c38cd8-cec8-34e4-924f-f3abc037ab58  |i 472a9b51-8f38-35a9-876f-5f2648495bd3  |t 0 
952 f f |p ric  |a Texas A&M University  |b Rellis Campus  |c Joint Library Facility  |d Remote Storage  |t 0  |e BV4909 .D5  |h Library of Congress classification  |i unmediated -- volume  |m A14800610381 
998 f f |a BV4909 .D5  |t 0  |l Remote Storage